000
00259nam a22001217a 4500
040
_c
HS
082
_a
140
100
_a
NA
245
_a
រចនាសម្ព័ន្ធកសិដ្ឋាន
260
_a
RUA
_b
NA
_c
2011
300
_a
139p;
942
_c
KB
999
_c
9341
_d
9341